Κατάλογος Βιβλιοθηκών Mediterranean College

Παραγωγικότητα και Αμοιβή Εργασίας / Η Πρακτική στην Ελλάδα και η Διεθνής Εμπειρία (Record no. 4586)

MARC details
000 -LEADER
fixed length control field 01766cam a22002534a 4500
005 - ΗΜΕΡΟΜΗΝΙΑ ΚΑΙ ΩΡΑ ΤΕΛΕΥΤΑΙΑΣ ΕΝΗΜΕΡΩΣΗΣ
Πεδίο ελέγχου 20250605164150.0
008 - FIXED-LENGTH DATA ELEMENTS--GENERAL INFORMATION
Πεδίο ελέγχου σταθερού μήκους 250528s ||||||||||||||||||||||||d
035 ## - SYSTEM CONTROL NUMBER
System control number 19326
020 ## - ISBN
ISBN 9603514179
040 ## - ΠΗΓΗ ΚΑΤΑΛΟΓΟΓΡΑΦΗΣΗΣ
Φορέας πρωτότυπης καταλογογράφησης MC Athens Campus Library
Γλώσσα καταλογογράφησης Ελληνικά, Μοντέρνα (1453-)
Modifying agency MC Athens Campus Library
Κανόνες περιγραφικής καταλογογράφησης AACR2
245 1# - ΤΙΤΛΟΣ ΚΑΙ ΔΗΛΩΣΗ ΥΠΕΥΘΥΝΟΤΗΤΑΣ
Τίτλος Παραγωγικότητα και Αμοιβή Εργασίας / Η Πρακτική στην Ελλάδα και η Διεθνής Εμπειρία
250 ## - EDITION STATEMENT
Edition statement
260 ## - PUBLICATION, DISTRIBUTION, ETC.
Name of publisher, distributor, etc. Σταμούλης Α,
Date of publication, distribution, etc. 2002
300 ## - PHYSICAL DESCRIPTION
Extent 280
505 0# - FORMATTED CONTENTS NOTE
Formatted contents note Εισαγωγή, Η Παραγωγικότητα και η Αμοιβή Εργασίας, Σύνδεση Παραγωγικότητας και Αμοιβή Εργασίας, Η Διεθνής Εμπερία και η Πρακτική στην Ελλάδα, Εξελίξεις και Προοπτικές της Ελληνικής Αγοράς Εργασίας και Διεθνές Περιβάλλον, Περίληψη και Συμπεράσματα, Παράρτημα.
520 ## - SUMMARY, ETC.
Summary, etc. Εισαγωγή, Η Παραγωγικότητα και η Αμοιβή Εργασίας, Σύνδεση Παραγωγικότητας και Αμοιβή Εργασίας, Η Διεθνής Εμπερία και η Πρακτική στην Ελλάδα, Εξελίξεις και Προοπτικές της Ελληνικής Αγοράς Εργασίας και Διεθνές Περιβάλλον, Περίληψη και Συμπεράσματα, Παράρτημα.
700 1# - ΠΡΟΣΘΕΤΗ ΑΝΑΓΡΑΦΗ--ΦΥΣΙΚΟ ΠΡΟΣΩΠΟ
Personal name Βαφειάδης Γεώργιος
9 (RLIN) 5569
700 1# - ΠΡΟΣΘΕΤΗ ΑΝΑΓΡΑΦΗ--ΦΥΣΙΚΟ ΠΡΟΣΩΠΟ
Personal name Μπαλούρδος Διονύσης
9 (RLIN) 5501
700 1# - ΠΡΟΣΘΕΤΗ ΑΝΑΓΡΑΦΗ--ΦΥΣΙΚΟ ΠΡΟΣΩΠΟ
Personal name Παπαηλίας Θεόδωρος
9 (RLIN) 5570
700 1# - ΠΡΟΣΘΕΤΗ ΑΝΑΓΡΑΦΗ--ΦΥΣΙΚΟ ΠΡΟΣΩΠΟ
Personal name Σαπουνάς Γεώργιος
9 (RLIN) 5571
942 ## - ADDED ENTRY ELEMENTS (KOHA)
Koha item type Books
Holdings
Τύπος τεκμηρίου Βιβλιοθήκη Τρέχουσα τοποθεσία Barcode Αριθμός εισαγωγής Ημερομηνία απόκτησης Ταξιθετικό σύμβολο Αριθμός αντιτύπου Κατάσταση απόσυρσης Κατάσταση χαμένου Κατάσταση κατεστραμμένου Μη δανεισμός Σύνολο δανεισμών Ημερομηνία τελευταίας εμφάνισης Η τιμή ισχύει από
Books MC Athens Campus Library MC Athens Campus Library 9780000045850 5348 05/06/2025 658.3225 PAP 1           05/06/2025 05/06/2025

MC Athens Campus Library
Πατησίων 94 & Κοδριγκτώνος 13, 104 34
Πελλήνης 8 & Πατησίων 107, 112 51
Τ: +30 210 8899600

MC Thessaloniki Campus Library
Ίωνος Δραγούμη 21, 54625 | Ίωνος Δραγούμη 15, 54625
Τ: +30 2310 287779 – Τ: +30 2314 440300